III curso sobre lengua y literatura en Aragón, (siglos XVIII-XX) /
Saved in:
| Corporate Author: | |
|---|---|
| Other Authors: | , , |
| Format: | Book |
| Language: | Spanish |
| Published: |
Zaragoza :
Institución "Fernando el Católico", 1994.
|
| Series: | Publicación ... de la Institución "Fernando el Católico" ;
no. 1620. |
| Subjects: | |
| Tags: |
Add Tag
No Tags, Be the first to tag this record!
|
| LEADER | 02070cam a2200409Ia 4500 | ||
|---|---|---|---|
| 001 | 005966462-2 | ||
| 005 | 20020606163548.3 | ||
| 008 | 950622s1994 sp a b 000 0 spa d | ||
| 020 | |a 8478201939 | ||
| 035 | 0 | |a ocm32692116 | |
| 040 | |a NYP |c NYP |d YSM |d HLS | ||
| 043 | |a e-sp--- | ||
| 050 | 0 | 0 | |a PQ7001.A7 |b C8 1992 |
| 090 | |a PQ7001.A7 |b C87 1992 | ||
| 111 | 2 | |a Curso sobre Lengua y Literatura en Aragón |n (3rd : |d 1992 |c Universidad de Zaragoza) | |
| 245 | 1 | 0 | |a III curso sobre lengua y literatura en Aragón, (siglos XVIII-XX) / |c coordinación del curso, Tomás Buesa y José-Carlos Mainer ; edición de las actas, José Ma. Enguita. |
| 246 | 3 | |a Tercer curso sobre lengua y literatura en Aragón | |
| 246 | 3 | |a Tercero Curso sobre Lengua y Literatura en Aragón | |
| 260 | |a Zaragoza : |b Institución "Fernando el Católico", 1994. | ||
| 300 | |a 356 p. : |b ill. ; |c 25 cm. | ||
| 490 | 1 | |a Publicación núm. 1.620 de la Institución "Fernando el Católico" | |
| 500 | |a "Se celebró del 3 al 5 de febrero de 1992, en el Aula Magna de la Facultad de Filosofía y Letras de la Universidad de Zaragoza."--P. facing t.p. | ||
| 504 | |a Includes bibliographical references. | ||
| 650 | 0 | |a Spanish literature |z Spain |z Aragon |x History and criticism |x Congresses. | |
| 650 | 0 | |a Spanish literature |x History and criticism |x Congresses. | |
| 650 | 0 | |a Spanish language |z Spain |z Aragon |x Congresses. | |
| 650 | 0 | |a Spanish language |x Congresses. | |
| 650 | 0 | |a Aragonese language |v Congresses. | |
| 655 | 7 | |a Conference proceedings. |2 fast | |
| 655 | 7 | |a Criticism, interpretation, etc. |2 fast | |
| 700 | 2 | |a Buesa Oliver, Tomás. | |
| 700 | 1 | |a Mainer, José-Carlos. | |
| 700 | 2 | |a Enguita Utrilla, José Ma. |q (José María). | |
| 776 | 0 | 8 | |i Online version: |a Curso sobre Lengua y Literatura en Aragón (3rd : 1992 : Universidad de Zaragoza). |t III Curso sobre Lengua y Literatura en Aragón. |d Zaragoza : Institución Fernando el Católico, 1994 |w (OCoLC)604153831 |
| 830 | 0 | |a Publicación ... de la Institución "Fernando el Católico" ; |v no. 1620. | |
| 988 | |a 20020608 | ||
| 906 | |0 OCLC | ||


